00555nam a2200157Ia 4500020001500000040000800015082002600023100002700049245005500076260009200131300002600223500010100249650001100350650001600361650002000377 a1862522391 cMMU a636 JAM 1986 A090 Or.1 aLadds, Philip William,12aA colour atlas of lymph node pathology in cattle / aTownsville, Qld. :bJames Cook University ;aAmes, Iowa :bIowa State University,c1986 a80 p. :bill. ; 30 cm aPublisher from label on verso of t.p.; distributed in U.S. by: Iowa State University, Ames, Iowa 0aCattle 0aLymph nodes 0aMeat inspection